[Event "Teplice Open 2019"]
[Site "Teplice"]
[Date "2019.06.18"]
[Round "4.33"]
[White "Pajeken, Jakob Leon"]
[Black "Bulockin, Martin"]
[Result "1-0"]
[WhiteElo "2359"]
[BlackElo "2165"]
[Annotator "NA"]
[PlyCount "107"]
[EventDate "2019.06.15"]
[EventType "swiss"]
[EventCountry "CZE"]
[SourceTitle "playchess.com"]
[Source "ChessBase"]
[SourceQuality "1"]
[TimeControl "40/5400+30:1800+30"]

1. d4 {[%emt 0:00:00]} Nf6 {[%emt 0:00:00]} 2. Nf3 {[%emt 0:00:00]} c5 {[%emt 0:01:06]} 3. d5 {[%emt 0:00:00]} e6 {[%emt 0:00:58]} 4. c4 {[%emt 0:00:00]} exd5 {[%emt 0:00:53]} 5. cxd5 {[%emt 0:00:00]} d6 {[%emt 0:00:03]} 6. Nc3 {[%emt 0:00:02]} g6 {[%emt 0:00:23]} 7. g3 {[%emt 0:00:09]} Bg7 {[%emt 0:00:56]} 8. Bg2 {[%emt 0:00:05]} O-O {[%emt 0:00:22]} 9. O-O {[%emt 0:00:12]} Re8 {[%emt 0:01:21]} 10. Re1 {[%emt 0:00:08]} a6 {[%emt 0:02:10]} 11. a4 {[%emt 0:00:09]} Qc7 {[%emt 0:02:31]} 12. Nd2 {[%emt 0:08:01]} Nbd7 {[%emt 0:01:47]} 13. Nc4 {[%emt 0:02:09]} Ne5 {[%emt 0:04:12]} 14. Nxe5 {[%emt 0:03:31]} Rxe5 {[%emt 0:10:44]} 15. e4 {[%emt 0:02:25]} Re8 {[%emt 0:01:22]} 16. f4 {[%emt 0:07:25]} Ng4 {[%emt 0:11:46]} 17. e5 {[%emt 0:01:35]} dxe5 {[%emt 0:04:32]} 18. h3 {[%emt 0:03:39]} Nh6 {[%emt 0:02:02]} 19. d6 {[%emt 0:02:59]} Qd8 {[%emt 0:06:09]} 20. Nd5 {[%emt 0:12:59]} Qxd6 {[%emt 0:08:51]} 21. fxe5 {[%emt 0:00:16]} Rxe5 {[%emt 0:02:15]} 22. Rxe5 {[%emt 0:00:44]} Bxe5 {[%emt 0:00:33]} 23. Bxh6 {[%emt 0:02:13]} Bxg3 {[%emt 0:02:25]} 24. Qe2 {[%emt 0:14:45]} Be5 {[%emt 0:07:26]} 25. Re1 {[%emt 0:01:45]} Bd4+ {[%emt 0:00:21]} 26. Kh1 {[%emt 0:00:12]} Be6 {[%emt 0:01:31]} 27. Bf4 {[%emt 0:00:35]} Qd8 {[%emt 0:02:36]} 28. Nc7 {[%emt 0:00:10]} Qf6 {[%emt 0:00:51]} 29. Be5 {[%emt 0:08:22]} Bxe5 {[%emt 0:01:01]} 30. Qxe5 {[%emt 0:00:04]} Qxe5 {[%emt 0:00:07]} 31. Rxe5 {[%emt 0:00:04]} Rd8 {[%emt 0:02:08]} 32. Nxe6 {[%emt 0:00:16]} fxe6 {[%emt 0:00:02]} 33. Rxc5 {[%emt 0:00:11]} b6 {[%emt 0:01:09]} 34. Rc6 {[%emt 0:00:32]} Rd4 {[%emt 0:00:26]} 35. Rxe6 {[%emt 0:03:31]} Rxa4 {[%emt 0:00:10]} 36. Rxb6 {[%emt 0:00:05]} Kg7 {[%emt 0:01:41]} 37. b4 {[%emt 0:04:18]} Kh6 {[%emt 0:00:48]} 38. Kh2 {[%emt 0:00:42]} Kg5 {[%emt 0:02:53]} 39. Bf1 {[%emt 0:00:22]} Kh4 {[%emt 0:02:15]} 40. Bxa6 {[%emt 0:02:46]} Ra2+ {[%emt 0:00:05]} 41. Kg1 {[%emt 0:30:04]} Kxh3 {[%emt 0:30:58]} 42. Bf1+ {[%emt 0:00:07]} Kg3 {[%emt 0:03:30]} 43. b5 {[%emt 0:01:10]} Rb2 {[%emt 0:00:55]} 44. Rb7 {[%emt 0:01:19]} h5 {[%emt 0:01:31]} 45. Rg7 {[%emt 0:00:05]} Rb1 {[%emt 0:04:08]} 46. Rxg6+ {[%emt 0:00:22]} Kh4 {[%emt 0:00:34]} 47. Kf2 {[%emt 0:02:35]} Rb2+ {[%emt 0:00:20]} 48. Be2 {[%emt 0:00:19]} Kh3 {[%emt 0:00:33]} 49. Rg3+ {[%emt 0:01:15]} Kh2 {[%emt 0:00:31]} 50. Rg2+ {[%emt 0:00:17]} Kh3 {[%emt 0:00:28]} 51. Kg1 {[%emt 0:00:29]} Rb1+ {[%emt 0:00:35]} 52. Bf1 {[%emt 0:00:32]} Kh4 {[%emt 0:00:01]} 53. Rg8 {[%emt 0:01:58]} Rb2 {[%emt 0:00:09]} 54. Rb8 {[%emt 0:00:30]} 1-0

[Event "Teplice Open 2019"]
[Site "Teplice"]
[Date "2019.06.18"]
[Round "4.34"]
[White "Risting, Eivind Olav"]
[Black "Kozak, Milos"]
[Result "1-0"]
[WhiteElo "2357"]
[BlackElo "2165"]
[Annotator "NA"]
[PlyCount "79"]
[EventDate "2019.06.15"]
[EventType "swiss"]
[EventCountry "CZE"]
[SourceTitle "playchess.com"]
[Source "ChessBase"]
[SourceQuality "1"]
[TimeControl "40/5400+30:1800+30"]

1. c4 {[%emt 0:00:00]} e6 {[%emt 0:00:39]} 2. Nf3 {[%emt 0:00:47]} Nf6 {[%emt 0:00:21]} 3. Nc3 {[%emt 0:00:18]} d5 {[%emt 0:00:51]} 4. d4 {[%emt 0:00:28]} c6 {[%emt 0:00:52]} 5. e3 {[%emt 0:00:34]} Nbd7 {[%emt 0:00:14]} 6. Qc2 {[%emt 0:00:28]} Bd6 {[%emt 0:01:03]} 7. Bd3 {[%emt 0:01:17]} dxc4 {[%emt 0:01:43]} 8. Bxc4 {[%emt 0:00:10]} b5 {[%emt 0:00:33]} 9. Be2 {[%emt 0:01:39]} Bb7 {[%emt 0:01:10]} 10. O-O {[%emt 0:01:05]} O-O {[%emt 0:00:10]} 11. e4 {[%emt 0:00:33]} e5 {[%emt 0:00:14]} 12. dxe5 {[%emt 0:00:14]} Nxe5 {[%emt 0:00:09]} 13. Nh4 {[%emt 0:00:14]} g6 {[%emt 0:27:36]} 14. f4 {[%emt 0:01:16]} Neg4 {[%emt 0:08:59]} 15. g3 {[%emt 0:01:52]} Bc5+ {[%emt 0:10:17]} 16. Kh1 {[%emt 0:10:34]} Ne3 {[%emt 0:01:26]} 17. Bxe3 {[%emt 0:00:08]} Bxe3 {[%emt 0:00:01]} 18. Ng2 {[%emt 0:03:03]} Bd4 {[%emt 0:06:51]} 19. Bf3 {[%emt 0:09:07]} Qb6 {[%emt 0:05:55]} 20. e5 {[%emt 0:02:47]} Bxc3 {[%emt 0:01:25]} 21. bxc3 {[%emt 0:14:54]} Nd5 {[%emt 0:00:50]} 22. h4 {[%emt 0:05:34]} c5 {[%emt 0:06:02]} 23. Kh2 {[%emt 0:03:55]} f5 {[%emt 0:10:24]} 24. Rad1 {[%emt 0:03:53]} Rad8 {[%emt 0:01:23]} 25. Rd2 {[%emt 0:00:44]} Nc7 {[%emt 0:02:28]} 26. Bxb7 {[%emt 0:01:53]} Qxb7 {[%emt 0:01:11]} 27. Rfd1 {[%emt 0:00:51]} Ne6 {[%emt 0:02:17]} 28. Rd6 {[%emt 0:09:00]} Rxd6 {[%emt 0:01:04]} 29. Rxd6 {[%emt 0:04:54]} Kf7 {[%emt 0:01:37]} 30. Ne3 {[%emt 0:00:36]} Ke7 {[%emt 0:03:04]} 31. Qd1 {[%emt 0:05:50]} Qc8 {[%emt 0:01:56]} 32. Nd5+ {[%emt 0:02:47]} Kf7 {[%emt 0:00:28]} 33. g4 {[%emt 0:03:44]} fxg4 {[%emt 0:01:01]} 34. Qxg4 {[%emt 0:00:29]} h5 {[%emt 0:00:28]} 35. Qe2 {[%emt 0:01:14]} Rd8 {[%emt 0:00:12]} 36. f5 {[%emt 0:01:12]} gxf5 {[%emt 0:01:28]} 37. Qxh5+ {[%emt 0:00:19]} Kg7 {[%emt 0:00:07]} 38. Ne7 {[%emt 0:01:29]} Rxd6 {[%emt 0:01:41]} 39. Qg6+ {[%emt 0:01:34]} Kh8 {[%emt 0:00:23]} 40. Qh6# {[%emt 0:00:08]} 1-0

[Event "Teplice Open 2019"]
[Site "Teplice"]
[Date "2019.06.18"]
[Round "4.35"]
[White "Buchcar, Tomas"]
[Black "Eden, James"]
[Result "0-1"]
[WhiteElo "2140"]
[BlackElo "2346"]
[Annotator "NA"]
[PlyCount "114"]
[EventDate "2019.06.15"]
[EventType "swiss"]
[EventCountry "CZE"]
[SourceTitle "playchess.com"]
[Source "ChessBase"]
[SourceQuality "1"]
[TimeControl "40/5400+30:1800+30"]

1. c4 {[%emt 0:00:00]} c6 {[%emt 0:00:00]} 2. g3 {[%emt 0:00:00]} d5 {[%emt 0:00:45]} 3. cxd5 {[%emt 0:00:19]} cxd5 {[%emt 0:02:40]} 4. Bg2 {[%emt 0:00:28]} Nf6 {[%emt 0:02:59]} 5. Nf3 {[%emt 0:02:22]} Nc6 {[%emt 0:00:38]} 6. O-O {[%emt 0:04:00]} e5 {[%emt 0:01:49]} 7. d4 {[%emt 0:09:11]} e4 {[%emt 0:02:11]} 8. Ne5 {[%emt 0:00:11]} Qb6 {[%emt 0:04:16]} 9. Nxc6 {[%emt 0:02:11]} bxc6 {[%emt 0:00:14]} 10. Nc3 {[%emt 0:00:45]} Be7 {[%emt 0:03:45]} 11. Na4 {[%emt 0:01:43]} Qb5 {[%emt 0:01:40]} 12. a3 {[%emt 0:11:07]} O-O {[%emt 0:04:58]} 13. Bf4 {[%emt 0:11:00]} Bg4 {[%emt 0:06:55]} 14. Re1 {[%emt 0:03:28]} Nd7 {[%emt 0:00:50]} 15. f3 {[%emt 0:12:00]} exf3 {[%emt 0:05:16]} 16. exf3 {[%emt 0:00:24]} Be6 {[%emt 0:00:12]} 17. Bf1 {[%emt 0:03:12]} Qb7 {[%emt 0:00:23]} 18. Qc2 {[%emt 0:02:50]} a5 {[%emt 0:16:00]} 19. Rac1 {[%emt 0:00:35]} Rfc8 {[%emt 0:00:47]} 20. Be3 {[%emt 0:03:54]} Rab8 {[%emt 0:09:43]} 21. Bd3 {[%emt 0:00:45]} g6 {[%emt 0:03:37]} 22. Bf4 {[%emt 0:00:29]} Bf6 {[%emt 0:00:12]} 23. Bxb8 {[%emt 0:08:30]} Bxd4+ {[%emt 0:01:47]} 24. Kg2 {[%emt 0:00:29]} Qxb8 {[%emt 0:00:31]} 25. Qd2 {[%emt 0:01:50]} Qa7 {[%emt 0:05:13]} 26. Qf4 {[%emt 0:01:42]} Bg7 {[%emt 0:02:05]} 27. Rc2 {[%emt 0:07:39]} c5 {[%emt 0:02:13]} 28. Bb5 {[%emt 0:00:35]} Nf8 {[%emt 0:01:22]} 29. Qd6 {[%emt 0:01:17]} c4 {[%emt 0:00:44]} 30. Nc3 {[%emt 0:02:41]} d4 {[%emt 0:01:54]} 31. Ne4 {[%emt 0:00:18]} d3 {[%emt 0:01:56]} 32. Rd2 {[%emt 0:00:10]} a4 {[%emt 0:04:12]} 33. Qb4 {[%emt 0:02:17]} Rb8 {[%emt 0:03:31]} 34. Qxa4 {[%emt 0:01:42]} Qxa4 {[%emt 0:01:12]} 35. Bxa4 {[%emt 0:00:04]} Rxb2 {[%emt 0:00:15]} 36. Rxb2 {[%emt 0:01:08]} Bxb2 {[%emt 0:00:08]} 37. Nc5 {[%emt 0:00:37]} Bxa3 {[%emt 0:03:26]} 38. Nxe6 {[%emt 0:05:01]} Nxe6 {[%emt 0:00:08]} 39. Bb5 {[%emt 0:00:16]} d2 {[%emt 0:00:28]} 40. Rd1 {[%emt 0:01:09]} c3 {[%emt 0:00:13]} 41. Ba4 {[%emt 0:30:42]} Nd4 {[%emt 0:08:47]} 42. Kf2 {[%emt 0:00:00]} Bc1 {[%emt 0:00:30]} 43. Ke3 {[%emt 0:00:00]} c2 {[%emt 0:00:22]} 44. Rxd2 {[%emt 0:00:00]} Bxd2+ {[%emt 0:00:19]} 45. Kxd2 {[%emt 0:00:00]} Nxf3+ {[%emt 0:00:14]} 46. Kxc2 {[%emt 0:00:00]} Nxh2 {[%emt 0:00:07]} 47. Kd3 {[%emt 0:00:00]} Kg7 {[%emt 0:01:31]} 48. Bd1 {[%emt 0:00:00]} Kf6 {[%emt 0:00:20]} 49. Ke4 {[%emt 0:00:00]} Kg5 {[%emt 0:00:44]} 50. Be2 {[%emt 0:00:00]} f5+ {[%emt 0:01:23]} 51. Ke3 {[%emt 0:00:00]} Ng4+ {[%emt 0:00:13]} 52. Kf3 {[%emt 0:00:00]} Kf6 {[%emt 0:00:37]} 53. Ba6 {[%emt 0:00:00]} Ke5 {[%emt 0:00:14]} 54. Bb7 {[%emt 0:00:00]} Nf6 {[%emt 0:00:16]} 55. Ba6 {[%emt 0:00:00]} g5 {[%emt 0:00:36]} 56. Bd3 {[%emt 0:00:00]} g4+ {[%emt 0:00:20]} 57. Ke3 {[%emt 0:00:00]} Ne4 {[%emt 0:00:28] Kd4+} 0-1

[Event "Teplice Open 2019"]
[Site "Teplice"]
[Date "2019.06.18"]
[Round "4.36"]
[White "Paszewski, Mateusz"]
[Black "Furman, Boris"]
[Result "1/2-1/2"]
[WhiteElo "2346"]
[BlackElo "2144"]
[Annotator "NA"]
[PlyCount "87"]
[EventDate "2019.06.15"]
[EventType "swiss"]
[EventCountry "CZE"]
[SourceTitle "playchess.com"]
[Source "ChessBase"]
[SourceQuality "1"]
[TimeControl "40/5400+30:1800+30"]

1. e4 {[%emt 0:00:00]} c5 {[%emt 0:00:00]} 2. Nf3 {[%emt 0:00:00]} Nc6 {[%emt 0:00:00]} 3. Bb5 {[%emt 0:00:00]} g6 {[%emt 0:00:00]} 4. Bxc6 {[%emt 0:00:00]} bxc6 {[%emt 0:00:01]} 5. d4 {[%emt 0:00:00]} Bg7 {[%emt 0:02:18]} 6. dxc5 {[%emt 0:00:07]} Qa5+ {[%emt 0:01:59]} 7. Nbd2 {[%emt 0:00:58]} Qxc5 {[%emt 0:01:54]} 8. c4 {[%emt 0:00:37]} Nf6 {[%emt 0:05:42]} 9. O-O {[%emt 0:03:23]} O-O {[%emt 0:00:24]} 10. a3 {[%emt 0:04:15]} d6 {[%emt 0:05:25]} 11. b4 {[%emt 0:03:11]} Qb6 {[%emt 0:01:15]} 12. Bb2 {[%emt 0:01:35]} a5 {[%emt 0:02:11]} 13. Bc3 {[%emt 0:04:40]} axb4 {[%emt 0:01:26]} 14. axb4 {[%emt 0:00:31]} Bd7 {[%emt 0:04:03]} 15. h3 {[%emt 0:07:21]} Nh5 {[%emt 0:06:48]} 16. Bxg7 {[%emt 0:16:15]} Kxg7 {[%emt 0:00:33]} 17. Qb3 {[%emt 0:00:14]} Rfb8 {[%emt 0:07:04]} 18. Rab1 {[%emt 0:04:28]} f6 {[%emt 0:03:41]} 19. Rfe1 {[%emt 0:05:12]} Ra7 {[%emt 0:08:42]} 20. Qc3 {[%emt 0:02:49]} Nf4 {[%emt 0:04:50]} 21. c5 {[%emt 0:08:44]} Qa6 {[%emt 0:02:45]} 22. cxd6 {[%emt 0:04:49]} exd6 {[%emt 0:03:44]} 23. Qe3 {[%emt 0:07:53]} g5 {[%emt 0:06:32]} 24. Kh2 {[%emt 0:04:19]} Rab7 {[%emt 0:01:22]} 25. h4 {[%emt 0:00:47]} h6 {[%emt 0:01:16]} 26. g3 {[%emt 0:02:07]} Ne6 {[%emt 0:02:15]} 27. Nd4 {[%emt 0:01:30]} Nxd4 {[%emt 0:00:43]} 28. Qxd4 {[%emt 0:00:14]} Qb6 {[%emt 0:00:30]} 29. Qxb6 {[%emt 0:05:06]} Rxb6 {[%emt 0:00:06]} 30. hxg5 {[%emt 0:00:11]} hxg5 {[%emt 0:00:19]} 31. Nc4 {[%emt 0:00:37]} Rxb4 {[%emt 0:00:19]} 32. Rxb4 {[%emt 0:05:44]} Rxb4 {[%emt 0:00:07]} 33. Nxd6 {[%emt 0:00:02]} Rd4 {[%emt 0:02:24]} 34. Nb7 {[%emt 0:01:19]} Bg4 {[%emt 0:02:10]} 35. Kg2 {[%emt 0:01:15]} Rd3 {[%emt 0:01:25]} 36. f4 {[%emt 0:06:18]} Rd2+ {[%emt 0:00:30]} 37. Kg1 {[%emt 0:00:01]} gxf4 {[%emt 0:03:27]} 38. gxf4 {[%emt 0:00:02]} Rd1 {[%emt 0:04:52]} 39. Rxd1 {[%emt 0:00:47]} Bxd1 {[%emt 0:00:08]} 40. Kf2 {[%emt 0:00:06]} Kf8 {[%emt 0:03:12]} 41. Ke3 {[%emt 0:30:01]} Ke7 {[%emt 0:30:13]} 42. Kd4 {[%emt 0:00:53]} Bc2 {[%emt 0:00:46]} 43. Nc5 {[%emt 0:02:13]} Kd6 {[%emt 0:00:41]} 44. e5+ {[%emt 0:00:20] Kxe5+ Ke4+} 1/2-1/2

[Event "Teplice Open 2019"]
[Site "Teplice"]
[Date "2019.06.18"]
[Round "4.37"]
[White "Chval st., Zdenek"]
[Black "Efroimski, Marsel"]
[Result "1/2-1/2"]
[WhiteElo "2138"]
[BlackElo "2327"]
[Annotator "NA"]
[PlyCount "111"]
[EventDate "2019.06.15"]
[EventType "swiss"]
[EventCountry "CZE"]
[SourceTitle "playchess.com"]
[Source "ChessBase"]
[SourceQuality "1"]
[TimeControl "40/5400+30:1800+30"]

1. d4 {[%emt 0:00:00]} e6 {[%emt 0:00:52]} 2. Nf3 {[%emt 0:00:55]} d5 {[%emt 0:00:56]} 3. c4 {[%emt 0:00:53]} c6 {[%emt 0:02:27]} 4. Nc3 {[%emt 0:00:17]} dxc4 {[%emt 0:02:21]} 5. a4 {[%emt 0:00:11]} Bb4 {[%emt 0:01:07]} 6. g3 {[%emt 0:15:16]} b5 {[%emt 0:15:51]} 7. Bg2 {[%emt 0:01:06]} Bb7 {[%emt 0:00:05]} 8. O-O {[%emt 0:03:27]} a6 {[%emt 0:00:46]} 9. Ne5 {[%emt 0:12:26]} f6 {[%emt 0:07:22]} 10. Ng4 {[%emt 0:05:13]} Qd7 {[%emt 0:04:26]} 11. e4 {[%emt 0:22:39]} Ne7 {[%emt 0:01:45]} 12. h4 {[%emt 0:05:17]} O-O {[%emt 0:02:17]} 13. Be3 {[%emt 0:00:54]} Nc8 {[%emt 0:05:57]} 14. h5 {[%emt 0:04:28]} h6 {[%emt 0:06:05]} 15. Qf3 {[%emt 0:08:17]} Kh8 {[%emt 0:03:36]} 16. Rfd1 {[%emt 0:05:09]} Qf7 {[%emt 0:02:19]} 17. Nh2 {[%emt 0:07:10]} Nd7 {[%emt 0:02:33]} 18. Nf1 {[%emt 0:01:37]} Ncb6 {[%emt 0:03:30]} 19. a5 {[%emt 0:01:12]} Nc8 {[%emt 0:00:34]} 20. g4 {[%emt 0:01:43]} Qe8 {[%emt 0:04:12]} 21. Ng3 {[%emt 0:00:13]} Ne7 {[%emt 0:01:22]} 22. Qe2 {[%emt 0:00:58]} Qd8 {[%emt 0:00:41]} 23. f4 {[%emt 0:00:27]} Bxa5 {[%emt 0:02:35]} 24. g5 f5 {[%emt 0:00:02]} 25. gxh6 {[%emt 0:01:03]} gxh6 {[%emt 0:02:46]} 26. exf5 {[%emt 0:00:21]} Rg8 {[%emt 0:06:28]} 27. Bf2 {[%emt 0:01:45]} Bc7 {[%emt 0:06:21]} 28. fxe6 {[%emt 0:00:08]} Bxf4 {[%emt 0:04:45]} 29. d5 {[%emt 0:00:48]} Bxg3 {[%emt 0:03:02]} 30. Bd4+ {[%emt 0:00:13]} Be5 {[%emt 0:00:53]} 31. Bxe5+ {[%emt 0:00:01]} Nxe5 {[%emt 0:00:04]} 32. Qxe5+ {[%emt 0:00:07]} Rg7 {[%emt 0:00:06]} 33. dxc6 {[%emt 0:00:31]} Qb6+ {[%emt 0:00:19]} 34. Kh2 {[%emt 0:00:22]} Qf2 {[%emt 0:03:15]} 35. Qxg7+ {[%emt 0:01:19]} Kxg7 {[%emt 0:00:06]} 36. cxb7 {[%emt 0:00:01]} Rg8 {[%emt 0:01:05]} 37. Rf1 {[%emt 0:00:39]} Qh4+ {[%emt 0:00:32]} 38. Kg1 {[%emt 0:00:02]} Qd4+ {[%emt 0:04:32]} 39. Kh2 {[%emt 0:01:44]} Qd6+ {[%emt 0:00:12]} 40. Kh1 {[%emt 0:00:31]} Qxe6 {[%emt 0:01:12]} 41. Rae1 {[%emt 0:08:44]} Qd7 {[%emt 0:07:57]} 42. Ne4 {[%emt 0:08:37]} Nf5 {[%emt 0:16:34]} 43. Bh3 {[%emt 0:10:07]} Ng3+ {[%emt 0:00:14]} 44. Kg2 {[%emt 0:00:09]} Qxb7 {[%emt 0:00:56]} 45. Kxg3 {[%emt 0:00:08]} Kh8+ {[%emt 0:01:41]} 46. Kh2 {[%emt 0:00:46]} Qg7 {[%emt 0:01:01]} 47. Rf6 {[%emt 0:03:58]} b4 {[%emt 0:01:33]} 48. Kh1 {[%emt 0:01:19]} c3 {[%emt 0:03:55]} 49. bxc3 {[%emt 0:00:01]} bxc3 {[%emt 0:00:02]} 50. Rg6 {[%emt 0:00:32]} Qb7 {[%emt 0:01:12]} 51. Rxh6+ {[%emt 0:00:19]} Kg7 {[%emt 0:00:05]} 52. Rg6+ {[%emt 0:00:05]} Kh7 {[%emt 0:00:28]} 53. Bg2 {[%emt 0:01:35]} Rxg6 {[%emt 0:00:20]} 54. Nf6+ {[%emt 0:00:15]} Rxf6 {[%emt 0:00:10]} 55. Bxb7 {[%emt 0:00:06]} Kh6 {[%emt 0:00:39]} 56. Rc1 {[%emt 0:00:16]} 1/2-1/2

[Event "Teplice Open 2019"]
[Site "Teplice"]
[Date "2019.06.19"]
[Round "5.1"]
[White "Vorobiov, Evgeny E."]
[Black "Movsesian, Sergei"]
[Result "1/2-1/2"]
[WhiteElo "2556"]
[BlackElo "2639"]
[Annotator "TA"]
[PlyCount "60"]
[EventDate "2019.06.15"]
[EventType "swiss"]
[EventCountry "CZE"]
[SourceTitle "playchess.com"]
[Source "ChessBase"]
[SourceQuality "1"]

{[%evp 15,60,13,17,25,32,35,36,34,39,38,27,34,40,18,32,-12,28,27,38,18,56,57,70,39,47,47,47,47,54,42,40,46,45,18,18,18,18,18,18,18,18,0,25,0,18,0,25]} 1. d4 Nf6 2. c4 e6 3. Nf3 d5 4. Nc3 Bb4 5. Bg5 dxc4 6. e4 h6 7. Bxf6 Qxf6 8. Bxc4 c5 9. O-O {Black must now prevent Nb5. D39: Queen's Gambit Declined: Ragozin Defence with 5 Bg5 dxc4} cxd4 10. Nb5 {[#] Threatens to win with Nc7+.} Qe7 11. Qxd4 {White is slightly better.} O-O 12. Nxa7 Bc5 13. Nxc8 Rxc8 14. Qd3 Nc6 {[#]} 15. Rad1 $146 ({Predecessor:} 15. Qe2 Rd8 {½-½ (50) Ding,L (2805)-Carlsen,M (2861) Abidjan 2019}) 15... Rd8 (15... Nb4 $5 {[%cal Rb4d3]} 16. Qd7 Nxa2 $11) 16. Qe2 Qf6 17. g3 Nd4 18. Nxd4 Bxd4 19. Rd2 Bc5 20. Rfd1 Rxd2 21. Rxd2 Rd8 22. Rxd8+ Qxd8 23. Kg2 g5 24. a4 Qd4 25. b3 Kg7 26. Qf3 b6 27. Bb5 Kf8 28. Bc4 {aiming for Bxe6.} Kg7 29. Bb5 Kf8 30. Bc4 {Bxe6 is the strong threat.} Kg7 {Accuracy: White = 38%, Black = 78%.} 1/2-1/2

[Event "Teplice Open 2019"]
[Site "Teplice"]
[Date "2019.06.19"]
[Round "5.2"]
[White "Berkes, Ferenc"]
[Black "Babula, Vlastimil"]
[Result "1-0"]
[WhiteElo "2675"]
[BlackElo "2550"]
[Annotator "TA"]
[PlyCount "65"]
[EventDate "2019.06.15"]
[EventType "swiss"]
[EventCountry "CZE"]
[SourceTitle "playchess.com"]
[Source "ChessBase"]
[SourceQuality "1"]

{[%evp 9,81,0,17,17,22,24,24,14,18,12,26,7,33,29,57,62,71,81,76,69,80,73,89,77,90,77,95,83,126,126,126,105,108,63,54,40,55,18,17,33,107,89,169,8,21,1,56,86,63,28,138,139,145,169,547,539,507,384,393,0,527,523,468,389,385,387,395,362,471,464,589,563,639,596]} 1. d4 Nf6 2. c4 e6 3. g3 d5 4. Bg2 Bb4+ 5. Bd2 (5. Nd2 O-O 6. Ngf3 dxc4 7. O-O b5 8. a4 c6 9. b3 c3 10. Nb1 Bb7 11. Qc2 c5 12. Nxc3 cxd4 13. Nxb5 Nc6 14. Qc4 Qe7 15. Nbxd4 {1-0 (33) Caruana,F (2819)-Naiditsch,A (2695) Karlsruhe/Baden Baden 2019}) 5... Bd6 6. Nf3 {E01: Catalan: Early deviations} O-O 7. O-O Nbd7 8. Qb3 {White has an edge.} c6 9. Nc3 h6 10. Rad1 Qe7 11. Rfe1 $36 {[%mdl 2048] White has good play.} Re8 $146 ({Predecessor:} 11... dxc4 12. Qxc4 e5 {½-½ (58) Tkachiev,V (2625)-Sokolov,I (2650) Dubai 2014}) 12. e4 dxc4 13. Qxc4 {Hoping for e5.} e5 14. h3 exd4 15. Nxd4 Nb6 16. Qf1 {e5! is the strong threat.} Bc5 17. Be3 Bd7 18. a3 a5 19. f4 Be6 {next ...Nc4 is good for Black.} 20. Qf2 Nfd7 21. Kh2 Nc4 22. Bc1 Rad8 23. Qc2 Bxd4 $1 24. Rxd4 Nc5 ({Better is} 24... b5 $14) 25. Ne2 $1 $16 {Threatens to win with f5.} b5 {[#]} (25... Nb6 $16) 26. e5 $2 ({White must play} 26. b3 $1 $18) 26... Rc8 27. a4 Na6 (27... Bd5 $11) 28. Nc3 $14 Nb4 29. Qe2 Bf5 {[#]} (29... Rcd8 $11 30. Rxd8 Rxd8) 30. Ne4 $1 $16 Bxe4 31. Rxe4 ({Don't take} 31. Qxe4 Qc5 $16) 31... Qc5 $2 (31... Na2) 32. b3 $18 {[%cal Bb2b3,Bb3c4][%mdl 32]} Nd5 33. bxc4 {Played: Qe2-c2} 1-0

[Event "Teplice Open 2019"]
[Site "Teplice"]
[Date "2019.06.19"]
[Round "5.3"]
[White "Salomon, Johan"]
[Black "Demchenko, Anton"]
[Result "0-1"]
[WhiteElo "2509"]
[BlackElo "2671"]
[Annotator "TA"]
[PlyCount "86"]
[EventDate "2019.06.15"]
[EventType "swiss"]
[EventCountry "CZE"]
[SourceTitle "playchess.com"]
[Source "ChessBase"]
[SourceQuality "1"]

{[%evp 9,86,27,32,17,32,30,30,31,21,25,22,17,37,36,39,27,54,56,67,13,20,-70,-56,-94,-100,-117,-79,-82,-86,-89,-72,-99,15,16,36,0,24,18,13,0,-1,-10,-9,-74,-71,-70,-87,-47,-57,-69,-75,-348,-347,-317,-336,-370,-370,-374,-267,-387,-284,-331,0,0,0,-281,0,-252,-245,-246,-245,-372,-238,-399,-402,-381,-369,-29984,-29985]} 1. d4 d5 2. c4 e6 3. Nc3 a6 4. cxd5 exd5 5. Nf3 Nf6 6. Bg5 {D37: Queen's Gambit Declined: 5 Bf4} Be6 7. e3 Nbd7 8. Bd3 {White has an edge.} c6 (8... h6 9. Bf4 g5 10. Bg3 Nh5 11. Be5 Nhf6 12. Bg3 Nh5 13. Ne2 Nxg3 14. Nxg3 {1-0 (61) Leko,P (2679)-Caruana,F (2832) Germany 2019}) 9. h3 Bd6 10. O-O h6 11. Bf4 Qc7 12. Qd2 g5 $146 ({Predecessor:} 12... O-O 13. b4 b5 {0-1 (47) Sarana,A (2543)-Rakhmanov,A (2654) Sochi 2017}) 13. Bxd6 Qxd6 14. Nh2 (14. b4 $14) 14... Rg8 15. f4 (15. Ne2 $11) 15... gxf4 $15 16. exf4 {Hoping for f5.} Bxh3 $1 17. Rae1+ Kf8 18. Rf2 Bg4 19. Re5 Rg7 20. Qe3 Ng8 (20... Be6 21. f5 $16) ({Black should play} 20... Rc8 $17 21. Be2 Rg8) 21. Nxg4 $11 Rxg4 22. Bf5 Rg7 23. Bxd7 Qxd7 24. f5 {aiming for f6.} Nf6 25. Qxh6 Ng4 $1 $36 {[%csl LRe5,LRf2,LRh6][%mdl 2112] Double Attack. Black has good play.} 26. Qh4 (26. Qh5 $1 $11 Qd6 27. f6) 26... f6 $17 (26... Nxf2 $2 27. Qh8+ Rg8 28. Qh6+ Rg7 29. f6 $18) 27. Re6 {And now Rf4 would win.} Nxf2 28. Kxf2 {Qh8+ is the strong threat.} Kg8 29. Ne2 Rh7 $1 {[%cal Rh7h4]} 30. Qxf6 $4 {[%mdl 8192]} (30. Qg3+ $17 {might work better.} Qg7 31. Rxf6 Qxg3+ 32. Kxg3) 30... Rf8 $1 $19 {[%cal Rf8f6]} 31. Qg5+ Rg7 32. Qe3 Rxf5+ 33. Kg1 Rff7 34. Qe5 (34. Re8+ $142 Rf8 35. Rxf8+ Kxf8 36. Nf4) 34... Qc7 35. Qh5 Rh7 $2 ({Black should try} 35... Rf8 $19 {Strongly threatening ...Qf7!} 36. Rh6 Rh7 37. Qg5+ Kh8 38. Rxh7+ Kxh7 39. Qh5+ Kg8) 36. Qg4+ $11 (36. Re8+ $2 Rf8 $19) 36... Rhg7 $2 {[%mdl 8192]} (36... Kf8 $11 37. g3 Rhg7) 37. Qh5 $1 $19 Qd7 $2 ({Better is} 37... Rf8 $19 {Threatens to win with ...Qf7!} 38. Rh6 Rh7 39. Qg5+ Kh8) 38. Nf4 $2 {[%mdl 8192]} (38. Qe5 $1 $11 {and White stays safe.}) 38... Rxf4 39. Rh6 {[%csl Gh5][%cal Rh6h8] [#]} Rxg2+ $1 {[%mdl 64] Double Attack} 40. Kh1 {[#]} (40. Kxg2 {was the only chance.} Qg4+ 41. Qxg4+ Rxg4+ 42. Kf2) 40... Rg1+ $1 41. Kh2 $2 {[#]} (41. Kxg1 Qg4+ 42. Qxg4+ Rxg4+ 43. Kf2) 41... Qg7 $1 {[%csl Gg1][%cal Rg7g3]} ({Don't go for} 41... Qg4 $2 42. Rh8+ Kg7 43. Qh6+ Kf7 44. Qf8+ Ke6 45. Rh6+ Qg6 46. Qe8+ {[%mdl 64] Pin} Kf6 47. Rxg6+ Rxg6 48. Qe5+ {[%mdl 64] Double Attack} Kf7 49. Qxf4+ $18) 42. Qe8+ Qf8 43. Qe6+ $2 (43. Qxf8+ $19 Kxf8 44. Kxg1) 43... Kg7 {Accuracy: White = 39%, Black = 62%.} (43... Qf7 $2 44. Qxf7+ Kxf7 45. Kxg1 $19) 0-1